000 00361nam a2200145Ia 4500
005 20250314070205.0
008 240331s9999 xx 000 0 und d
082 _bPUD
_a894
100 _aPudhumaipiththan,
245 0 _aKanmani kamalavukku
260 _aChennai
_bShanthi Prasuram
_c1994
300 _a186 p ., ( 2nd Copy)
650 _aDocumentary
942 _cL
999 _c4073
_d4073